000 00510nam a2200193Ia 4500
005 20250508164140.0
008 008 250505s9999 xx 000 0 eng d
020 _a81-88965-20-0
037 _aTextual
040 _aFEDL
_beng
_cFEDL
041 _aeng
_2eng
084 _a305.4, RAO
_qFEDL
100 _aRao Anupama Ed.
245 0 _aGender and caste
260 _aNew Delhi, India
_bKali for Women
_c2003
300 _aix,377p.
942 _cTEXL
_h305.4, RAO
999 _c1387328
_d1387328